• 首页
  • 本馆介绍
  • 公告通知
  • 最新文献
  • 馆藏检索
  • 电子资源
  • 读者导购
  • 参考咨询
  • 我的图书馆
  • 登录
  • 详细信息显示
  • 放入我的书架
  • 预约/预借图书
  • 作者相关作品
  • 分类相关作品
  • 丛书相关作品
  • 出版社相关作品

书目信息

  • 表格格式
  • 工作单格式
  • 卡片格式
题名:
大比例尺数字化测图技术
    
 
作者: 李玉宝 编著
分册:  
出版信息: 成都   西南交通大学出版社  2019.05
页数: 484页
开本: 26cm
丛书名:
单 册:
中图分类: P283.7
科图分类:
主题词: 数字化制图--shu zi hua zhi tu--高等学校--教材
电子资源:
ISBN: 978-7-5643-6850-0
000 00998nam0 2200265 450
001 2030308026
005 20201122090919.68
010    @a978-7-5643-6850-0@dCNY65.00
100    @a20190614d2019 em y0chiy50 ea
101 0  @achi
102    @aCN@b510000
105    @aa z 000yy
106    @ar
200 1  @a大比例尺数字化测图技术@9da bi li chi shu zi hua ce tu ji shu@f李玉宝[等]编著
205    @a4版
210    @a成都@c西南交通大学出版社@d2019.05
215    @a484页@c图@d26cm
300    @a21世纪普通高等院校规划教材——测绘专业
304    @a编著者还有:曹智翔、余代俊、刘星、周波、宋怀庆等
330    @a本书共七章,内容包括:数字化测图概述、计算机绘图基础、数字化测绘外业工作、CASS8.0地形地籍成图软件概述、CASS8.0数字地形图编辑及工程应用、土地调查与CASS数字化地籍图编辑、iData数据工厂概述。
606 0  @a数字化制图@9shu zi hua zhi tu@x高等学校@j教材
690    @aP283.7@v5
701  0 @a李玉宝@9li yu bao@4编著
801  0 @aCN@bBJSZM@c20201120
905    @b1242355-8@dP283.7@e349=4@f4
    
    大比例尺数字化测图技术/李玉宝[等]编著.-4版.-成都:西南交通大学出版社,2019.05
    484页:图;26cm
    21世纪普通高等院校规划教材——测绘专业
    
    ISBN 978-7-5643-6850-0:CNY65.00
    本书共七章,内容包括:数字化测图概述、计算机绘图基础、数字化测绘外业工作、CASS8.0地形地籍成图软件概述、CASS8.0数字地形图编辑及工程应用、土地调查与CASS数字化地籍图编辑、iData数据工厂概述。
●
相关链接 在E读中查询图书 在五车中查询图书 在当当中查询图书 在豆瓣中查询图书


正题名:大比例尺数字化测图技术     索取号:P283.7/349=4         预约/预借

序号 登录号 条形码 馆藏地/架位号 状态 备注
1 1242355   212423554   第二样本阅览室/ [索取号:P283.7/349=4] 在馆    
2 1242356   212423563   第三借阅区/ [索取号:P283.7/349=4] 在馆    
3 1242357   212423572   第三借阅区/ [索取号:P283.7/349=4] 在馆    
4 1242358   212423581   第三借阅区/ [索取号:P283.7/349=4] 在馆    
唐山师范学院图书馆 欢迎您!
大连网信软件有限公司© 版权所有